আশুরা ও কারবালা বিষয়ক প্রশ্নোত্তর / (Record no. 77705)
[ view plain ]
| 000 -LEADER | |
|---|---|
| fixed length control field | 01865nam a2200313 a 4500 |
| 001 - CONTROL NUMBER | |
| control field | 77705 |
| 003 - CONTROL NUMBER IDENTIFIER | |
| rucl marc code | BD-RjUL |
| 005 - DATE AND TIME OF LATEST TRANSACTION | |
| control field | 20211209083019.0 |
| 008 - FIXED-LENGTH DATA ELEMENTS--GENERAL INFORMATION | |
| fixed length control field | 201229s2016 bg ||||| |||| 00| 0 ben d |
| 035 ## - SYSTEM CONTROL NUMBER | |
| System control number | (BD-RjUL)77931 |
| 040 ## - CATALOGING SOURCE | |
| Original cataloging agency | BD-RjUL |
| Language of cataloging | eng |
| Transcribing agency | BD-RjUL |
| 041 ## - LANGUAGE CODE | |
| Language code of text/sound track or separate title | ben |
| 082 ## - DEWEY DECIMAL CLASSIFICATION NUMBER | |
| Edition number | 23 |
| Classification number | 297.8 |
| Author mark and year | ASH 2016 |
| 245 ## - TITLE STATEMENT | |
| Title | আশুরা ও কারবালা বিষয়ক প্রশ্নোত্তর / |
| Statement of responsibility, etc. | মূল ফারসি : লেখকবৃন্দ ;অনুবাদ : আবদুল্লাহ, মোঃ আনিসুর রহমান, মোঃ মোজাফ্ফর হোসেন, মোঃ রফিকুল ইসলাম, মোঃ ফয়সল বারী, আবুল কাসেম ; সম্পাদনাঃ এ কে এম আনোয়ারুল কবীর |
| 260 ## - PUBLICATION, DISTRIBUTION, ETC. (IMPRINT) | |
| Place of publication, distribution, etc. | ঢাকা : |
| Name of publisher, distributor, etc. | আহলে বাইত (আ.) বিশ্ব সংস্থা ,ইরান ও বাংলাদেশ ইসলামী সাংস্কৃতিক পরিষদ ,ইরান |
| Date of publication, distribution, etc. | ২০১৬ |
| 300 ## - PHYSICAL DESCRIPTION | |
| Pagination | ৩৩৪ পৃ.; |
| Size | ২২ সেমি. |
| 600 ## - SUBJECT ADDED ENTRY--PERSONAL NAME | |
| Personal name | হোসাইন, ইবনে আলী |
| Dates associated with a name | ৬৮০ |
| Personal name | Husayn ibn ʻAli' |
| Dates associated with a name | 680 |
| 650 ## - SUBJECT ADDED ENTRY--TOPICAL TERM | |
| Topical term or geographic name as entry element | দশ মুহররম (আশুরা) |
| 9 (RLIN) | 243054 |
| Topical term or geographic name as entry element | Tenth of Muḥarram ( Ashura) |
| 9 (RLIN) | 243055 |
| 700 ## - ADDED ENTRY--PERSONAL NAME | |
| Personal name | আবদুল্লাহ |
| Personal name | রহমান, মোঃ আনিসুর |
| Personal name | হোসেন,মোঃ মোজাফ্ফর |
| Personal name | ইসলাম,মোঃ রফিকুল |
| Personal name | বারী, মোঃ ফয়সল |
| Personal name | কাসেম, আবুল |
| Personal name | কবীর, এ কে এম আনোয়ারুল |
| 942 ## - ADDED ENTRY ELEMENTS (KOHA) | |
| Source of classification or shelving scheme | Dewey Decimal Classification |
| Koha item type | Books |
| Lost status | Source of classification or shelving scheme | Damaged status | Not for loan | Collection code | Permanent Location | Current Location | Shelving location | Date acquired | Source of acquisition | Cost, normal purchase price | Total Checkouts | Full call number | Date last seen | Copy number | Koha item type |
|---|---|---|---|---|---|---|---|---|---|---|---|---|---|---|---|
| Dewey Decimal Classification | Not For Loan | Non-fiction | Central Library, University of Rajshahi | Central Library, University of Rajshahi | Reading Room | 12/09/2019 | Author | 300.00 | B 297.8 ASH 2016 | 29/12/2020 | C-1 | Books |